Score 0/129 Timer 15:00
0 Plays Today
Airline City % Correct
Air Canada, Air Canada Express, WestJetCalgary
100%
Alaska Anchorage
100%
American, American Eagle, SouthwestAlbuquerque
100%
American, Delta, SouthwestAtlanta
100%
American, Frontier, Spirit, UnitedChicago-O'Hare
100%
American, SouthwestColumbus
100%
American, Frontier, SouthwestDes Moines
100%
American, American Eagle, FrontierColorado Springs
100%
SouthwestBaltimore
100%
SouthwestChicago-Midway
100%
American, SouthwestAustin
98.4%
American, JetBlueBoston
98.4%
American, American Eagle, SpiritDallas-Fort Worth
98.4%
American, Frontier, Southwest, United, United ExpressDenver
98.4%
American, Delta, Frontier, SouthwestDetroit
98.4%
American, Delta, Frontier, SouthwestCincinnati
98.4%
Frontier, SouthwestCleveland
98.4%
SouthwestBuffalo
98.4%
SouthwestDallas-Love
98.4%
Air Canada Rouge, WestJetToronto-Pearson
96.7%
Air Canada Rouge Montreal-Trudeau
96.7%
Alaska, American, Southwest, United, United ExpressSan Francisco
96.7%
American, SouthwestBoise
96.7%
AmericanCancun
96.7%
AmericanCharlotte
96.7%
American, American Eagle Memphis
96.7%
AmericanMiami
96.7%
American, Delta, Southwest, Spirit, Sun CountryMinneapolis-St. Paul
96.7%
American, Delta, JetBlue New York-JFK
96.7%
American, Frontier, UnitedNewark
96.7%
American, American Eagle, Delta, Delta Connection, Frontier, SouthwestSalt Lake City
96.7%
American, Frontier, SouthwestSan Diego
96.7%
American, SouthwestTampa
96.7%
American, JetBlue, SouthwestFort Lauderdale
96.7%
AmericanNew York-LaGuardia
96.7%
Condor, Eurowings Frankfurt
96.7%
WestJetEdmonton
96.7%
Air Canada, Air Canada Express, American, WestJetVancouver
95.1%
Alaska, American, Southwest, Sun CountryPortland
95.1%
American, American Eagle, SouthwestEl Paso
95.1%
American, American Eagle, United, United ExpressHouston-Intercontinental
95.1%
American, American Eagle, SouthwestKansas City
95.1%
American, American Eagle, Delta Connection, Southwest, United, United ExpressLos Angeles
95.1%
Airline City % Correct
AmericanMexico City
95.1%
American, SouthwestOrlando
95.1%
American, SouthwestPhiladelphia
95.1%
American, SouthwestSan Jose
95.1%
American, SouthwestNew Orleans
95.1%
SouthwestLouisville
95.1%
Alaska, American, Delta, Southwest, SpiritSeattle-Tacoma
93.4%
American, Hawaiian Honolulu
93.4%
American, SouthwestIndianapolis
93.4%
American, Frontier, JSX, Southwest, Sun CountryLas Vegas
93.4%
American, BritishLondon-Heathrow
93.4%
American, Frontier, SouthwestMilwaukee
93.4%
American, American Eagle, JSX, SouthwestOakland
93.4%
American, American Eagle, SouthwestOklahoma City
93.4%
American, SouthwestOmaha
93.4%
American, SouthwestRaleigh-Durham
93.4%
American, American Eagle, SouthwestReno-Tahoe
93.4%
American, American Eagle Tucson
93.4%
American, American Eagle Fresno
93.4%
AmericanSan Jose
93.4%
SouthwestHouston-Hobby
93.4%
SouthwestNashville
93.4%
SouthwestTulsa
93.4%
United Washington-Dulles
93.4%
American, American Eagle, JSX, SouthwestBurbank
91.8%
American, American Eagle, SouthwestSacramento
91.8%
American, SouthwestSan Antonio
91.8%
American, SouthwestSpokane
91.8%
American Eagle Eugene
91.8%
American Eagle Aspen
91.8%
SouthwestLittle Rock
91.8%
American, SouthwestPittsburgh
90.2%
American, SouthwestSt. Louis
90.2%
AmericanWashington-National
90.2%
American, FrontierFargo
90.2%
American, FrontierGrand Rapids
90.2%
American Eagle, Volaris Guadalajara
90.2%
American Eagle, SouthwestWichita
90.2%
American, American Eagle, Southwest Ontario
88.5%
AmericanJackson Hole
88.5%
American Eagle Santa Fe
88.5%
American Eagle, Frontier Madison
88.5%
American, JSX, SouthwestOrange County
86.9%
Airline City % Correct
American Eagle Flagstaff
85.2%
American Eagle Eagle-Vail
85.2%
American, American Eagle Santa Barbara
83.6%
American Eagle Sioux Falls
83.6%
WestJetWinnipeg
83.6%
AmericanKahului
82%
American Eagle Durango
80.3%
American Eagle Long Beach
80.3%
American Eagle Lubbock
80.3%
American Eagle Yuma
80.3%
American Eagle Cedar Rapids
80.3%
WestJetRegina
80.3%
AmericanKailua-Kona
78.7%
American Eagle Grand Junction
78.7%
American Eagle Midland-Odessa
78.7%
American Eagle Palm Springs
78.7%
American Eagle St. George
78.7%
American Eagle Bakersfield
77%
American Eagle Rapid City
77%
WestJetSaskatoon
77%
AmericanLihue
75.4%
American Eagle Medford
73.8%
American, VolarisPuerto Vallarta
72.1%
American Eagle Monterey
72.1%
American Eagle Chihuahua
70.5%
AmericanSan Jose del Cabo
68.9%
American Eagle San Luis Obispo
68.9%
American Eagle Montrose
68.9%
American Eagle Redmond-Bend
67.2%
American Eagle Santa Rosa
65.6%
Alaska Everett
60.7%
American, American Eagle Mazatlan
60.7%
American, American Eagle Ixtapa
60.7%
WestJetKelowna
60.7%
American Eagle Roswell
59%
ContourPage
47.5%
American Eagle Hermosillo
44.3%
Boutique Air Cortez
42.6%
Volaris Culiacan
42.6%
American Eagle Manzanillo
39.3%
Boutique AirShow Low
36.1%
Advanced AirSilver City
27.9%
Advanced Air Hawthorne
24.6%
Come Together.
Have Fun.
All Virtual.
We all need to come together. Play Sporcle's virtual live trivia to have fun, connect with people, and get your trivia on. Join a live hosted trivia game for your favorite pub trivia experience done virtually. If a virtual private party is more your thing, go here for details.

You're not logged in!

Compare scores with friends on all Sporcle quizzes.
OR
Log In

Sporcle TV

Today on Sporcle TV


Watch our educational content, quiz creation guides, and fun videos on Sporcle TV.

Show Comments

Extras

Top Quizzes Today


Score Distribution

Paid Content

Your Account Isn't Verified!

In order to create a playlist on Sporcle, you need to verify the email address you used during registration. Go to your Sporcle Settings to finish the process.

Report this User

Report this user for behavior that violates our Community Guidelines.

Details: